000 00723nam a22002537a 4500
003 UA-OsUOA
001 123792
007 ta
008 20170711b un ||||| |||| 00| 0 ukr d
100 _aРадциг С. И.
090 _a82.09(038)
_bР15
942 _cBK
040 _aUA-OsUOA
_brus
_cUA-OsUOA
_dUA-OsUOA
245 _aИстория древнегреческой литературы
_bучебник
300 _a487 с.
955 _a2
041 _arus
080 _a82.09(038)
591 _aМаключенко В. І.
260 _aМ.
_bВысшая школа
_c1982
250 _n5-е изд.
650 7 _a82 Література. Літературознавство
_2UDC
999 _c410942
_d410942